Marketing Research

Uložené v:
Podrobná bibliografia
Hlavný autor: Kress, George
Médium: Kniha
Jazyk:English
Vydavateľské údaje: Englewood Cliffs Prentice-Hall 1988
Vydanie:3. ed.
Tagy: Pridať tag
Žiadne tagy, Buďte prvý, kto otaguje tento záznam!

MARC

LEADER 00000nam a2200000 4500
001 c028368
005 20221219120220.4
041 0 |a eng 
044 |a US 
245 1 0 |a Marketing Research  |c George Kress 
250 |a 3. ed. 
264 1 |a Englewood Cliffs  |b Prentice-Hall  |c 1988 
300 |a 380 s. 
100 1 |a Kress, George